Movies by Helmet Quiz Stats

Quiz Updated Feb 8, 2012

Also try: Movies by Mask
Challenge
Share
Tweet
Score 0/30 Timer 08:00
0 Plays Today
Column Movie % Correct
Column 2Star Wars
94%
Column 4Iron Man
90.2%
Column 1300
89.8%
Column 5Mighty Morphin' Power Rangers
86.7%
Column 5Top Gun
80.1%
Column 1Gladiator
77.5%
Column 4Apollo 13
73.2%
Column 2TRON: Legacy
71.1%
Column 3Thor
69.4%
Column 5Spaceballs
66.7%
Column 1Speed Racer
65.7%
Column 3X-Men: The Last Stand
65%
Column 5Lord of the Rings
64.8%
Column 4Monty Python and the Holy Grail
62.9%
Column 3Terminator 2: Judgment Day
57.7%
Column Movie % Correct
Column 1Star Trek: First Contact
57.1%
Column 1Signs
52.2%
Column 3Teenage Mutant Ninja Turtles
46.8%
Column 1Patton
43.9%
Column 2Judge Dredd
43.5%
Column 4Any Given Sunday
42.2%
Column 3Bull Durham
41.5%
Column 5Days of Thunder
37.2%
Column 22001: A Space Odyssey
34.2%
Column 4The Rocketeer
29.5%
Column 2Easy Rider
28.1%
Column 5G.I. Joe: The Rise of Cobra
24.9%
Column 3Whip It
23.3%
Column 2Courage Under Fire
13.8%
Column 4Masters of the Universe
5.3%

You're not logged in!

Compare scores with friends on all Sporcle quizzes.
Sign Up with Email
OR
Log In

You Might Also Like...

Show Comments

Extras

Top Quizzes Today


Score Distribution

Your Account Isn't Verified!

In order to create a playlist on Sporcle, you need to verify the email address you used during registration. Go to your Sporcle Settings to finish the process.

Report this User

Report this user for behavior that violates our Community Guidelines.

Details: